Managing transitions : making the most of change

Αποθηκεύτηκε σε:
Λεπτομέρειες βιβλιογραφικής εγγραφής
Κύριος συγγραφέας: Bridges, William 1933-
Μορφή: Βιβλίο
Γλώσσα:English
Δημοσίευση: London : Nicholas Brealey Publishing, 1995
Σειρά:People skills for professionals
Θέματα:
Ετικέτες: Προσθήκη ετικέτας
Δεν υπάρχουν, Καταχωρήστε ετικέτα πρώτοι!

MARC

LEADER 00000nam a2200000 i 4500
001 1/15445
008 010119s1995 eng d
020 |a 1-85788-112-5 
035 |l 10065410 
040 |a GR-MY-UA  |b gre  |e aacr 
041 0 |a eng 
082 0 |a 658.406 
100 1 |a Bridges, William  |d 1933- 
245 1 0 |a Managing transitions :  |b making the most of change /  |c William Bridges 
260 |a London :   |b Nicholas Brealey Publishing,   |c 1995 
300 |a x, 140 p.;  |c 24 cm. 
490 1 |a People skills for professionals 
504 |a Includes index. 
650 0 0 |a Organizational change. 
650 0 0 |a Industrial management. 
830 0 |a People skills for professionals 
852 |a INST  |b SYROS  |e 20010119  |h 658.406 BRI  |p 005500001776  |q 005500001776  |t BK  |y 0 
901 |a BIBL5-2001-1 
909 |a Ε  |b 084161 
922 |a 5ΕΛΗ  |b 200101  |c ΓΡΑΦΙΚΩΝ ΤΕΧΝΩΝ  |d LEADER BOOKS 
970 |a ΚΟΝΤΟΥ  |b ΠΑΡΑΣΚΕΥΗ  |z 2001/01/19